Türkiye-Suudi Arabistan ilişkileri (1926-1990) (Record no. 10406)

MARC details
000 -BAŞLIK
Sabit Uzunlukta Kontrol Alanı 00652na a2200217 4500
001 - KONTROL NUMARASI
Denetim Alanı 23799
003 - KONTROL NUMARASI IDENTIFIER
Denetim Alanı MIRAKIL
005 - SON İŞLEM TARİHİ VE ZAMANI
Denetim Alanı 20181213155320.0
008 - SABİT-BOY VERİ ELEMANLARI - GENEL BİLGİLER
Sabit Uzunlukta Kontrol Alanı 180102b tu 000 0
040 ## - KATALOGLAMA KAYNAK
Orijinal Kataloglama Ajansı Milas
Kataloglama Dili tur
Metne Dönüştürmek Ajansı TR-AnCHP
041 ## - DİL KODU
Metin / Ses Parça Veya Ayrı Başlığın Dil Kodu tur
082 ## - DEWEY ONLU SINIFLANDIRMA NUMARASI
Sınıflandırma Numarası 327.561053
Ürün Numarası B67t 2016
090 ## - SINIFLAMA NUMARASI
Sınıflama Numarası 327.561053 B67t 2016
100 ## - ANA GİRİŞ - KİŞİSEL İSİM
Kişisel Ad Bostancı, Mustafa
245 ## - BAŞLIK TABLOSU
Başlık Türkiye-Suudi Arabistan ilişkileri (1926-1990)
Sorumluluk Tablosu, Vb Mustafa Bostancı
260 ## - YAYIN, DAĞITIM, VB
Yayın, Dağıtım, Vb Yeri Ankara
Yayıncı, Dağıtıcı, Vs Adı [yayl.y.]
Yayın, Dağıtım, Vb Tarihi 2016
300 ## - FİZİKSEL TANIM
Kapsam 317 s.
Diğer Fiziksel Ayrıntıları hrt. , fotğ.
Boyutlar 30 sm.
Eşlik Eden Malzeme 1 adet CD
504 ## - KAYNAKÇA VB NOT
Kaynakça Vb Notu Kaynakça var.
650 ## - KONU KATMA GİRİŞ - TOPİKAL DÖNEM
Topikal Süreli Veya Coğrafi Ad Giriş Elemanı Türkiye
Genel Alt Bölümü Uluslararası ilişkiler
Kronolojik Alt Bölümü 1926-1990
Coğrafi Alt Bölümü Arabistan
942 ## - EKLENDİ GİRİŞ ELEMANLARI (KOHA)
Sınıflandırma Veya Raf Düzeni Kaynak Dewey Decimal Classification
Koha Öğesi Türü Books
999 ## - SİSTEM KONTROL NUMARALARI (KOHA)
Koha Biblionumber 10406
Koha Biblioitemnumber 10406
Holdings
Kalıcı Konum Mevcut Konum Edinme Tarihi Edinim Kaynak Toplam Check-Out'Lar Tam Çağrı Numarası Barkod Tarih Son Görülme İtibaren Geçerli Fiyatlar Koha Öğesi Türü
CHP Kütüphanesi CHP Kütüphanesi 12/26/2017 Bağış   327.561053 B67t 2016 017775 12/26/2017 12/26/2017 Books